000 00620nam a2200241Ia 4500
003 OSt
005 20221007101311.0
006 a|||||r|||| 00| 0
007 ta
008 221006b |||||||| |||| 00| 0 eng d
024 _a6,206
037 _cTextual
040 _aLCO
_cLCO
_beng
041 _2eng
_aeng
082 _aX:93Oj991, L0
100 _aROBINSON DEREK
245 0 _aLocal Labour Markets & Wages Structures.
260 _aLondon
_bGower Press
_c1970
300 _a296
650 _aLABOUR LAW
942 _hX:93Oj991, L0
_cTEXL
999 _c1175769
_d1175769